| 000 | 00722nam a22002297a 4500 | ||
|---|---|---|---|
| 001 | sjds170126 | ||
| 003 | sjds | ||
| 005 | 20170708101948.0 | ||
| 008 | 170708b nyu||||| |||| 00| 0 spa d | ||
| 020 | _a9780590468312 (pbk.) | ||
| 020 | _a0590468316 (pbk.) | ||
| 040 | _csjds | ||
| 041 | _aspa | ||
| 100 | _aCharles, Oz. | ||
| 240 | _aHow is a crayon made? | ||
| 245 |
_aComo se hace un crayon / _ctexto y fotografias de Oz Charles. |
||
| 260 |
_a NY : _bScholastic, _c1988. |
||
| 300 |
_a[32] pages. : _bcol. ill. ; _c22 cm |
||
| 520 | _aDescribes, in text and step-by-step photographs, the manufacture of a crayon from wax to finished product. | ||
| 650 | 0 |
_aCrayons _vJuvenile literature |
|
| 942 |
_2ddc _cBK |
||
| 999 |
_c18175 _d18175 |
||